000 00368nam a2200133 a 4500
005 20140412111418.0
008 070906s19uu xx 00 eng d
020 _a971-508-206-8
050 _aBB
_bNa154 2003
100 _aAragon, Susan
245 _aNang magkakulay ang nayon /
_cSusan Dele Rosa Aragon.
260 _aPhilippines :
_bAdarna,
_c2003.
999 _c105932
_d105932